00564nam a22001697a 450000500170000001000130001702000260003003500170005603700170007308200140009010000170010424500990012126000420022027000560026230000310031850000450034920150310144416.0 aBAC-EN21 a9788189530334c415.00 aB-593292-317 bUBH/Venadpl a346.54015 aDiwan, Paras aFamily law:b(Hindus, Muslims, Christians, Parsis and Jews)/cby Paras Diwan and Peeyush Diwan aFaridabadbAllahabad Law Agencyc2013 aPlot No. 33 16/2, Mathura RoadbFaridabad (Haryana) axlviii, 600p.c24cm. (pbk) aSupply received revised price Rs. 435.00